[Event "IRI-chT 17th"]
[Site "Rasht"]
[Date "2018.11.02"]
[Round "4.1"]
[White "Ghomi, Parnian"]
[Black "Khademi, Fateme"]
[Result "1-0"]
[WhiteElo "1922"]
[BlackElo "1572"]
[PlyCount "101"]
[EventDate "2018.10.31"]
[EventType "team-swiss"]
[EventRounds "7"]
[EventCountry "IRI"]
[SourceTitle "CBM 187 Extra"]
[Source "ChessBase"]
[SourceDate "2018.11.04"]
[SourceVersion "1"]
[SourceVersionDate "2018.11.04"]
[SourceQuality "1"]
[WhiteTeam "Rasht Donyaye Felez"]
[BlackTeam "Heyat Shatranj Hamedan"]
[WhiteTeamCountry "IRI"]
[BlackTeamCountry "IRI"]

1. d4 d5 2. Bf4 Bf5 3. e3 Nf6 4. c3 Nbd7 5. Nf3 e6 6. Be2 Be7 7. Nbd2 0-0 8. Nh4 Be4 9. Nhf3 Bg6 10. Bg3 Ne4 11. Nxe4 Bxe4 12. 0-0 Nf6 13. Qb3 Qc8 14. Ne5 Ne8 15. f3 Bf5 16. c4 c6 17. cxd5 exd5 18. e4 Be6 19. Qe3 Nc7 20. Nd3 Qd7 21. Rfd1 Rfe8 22. b3 Nb5 23. Ne5 Qd8 24. a4 Nd6 25. a5 f6 26. Nd3 Nb5 27. Nf4 Bf7 28. Kh1 Bb4 29. Bxb5 cxb5 30. Qd3 a6 31. Nxd5 Bxd5 32. exd5 Qxd5 33. Be1 Bd6 34. Bf2 Bb4 35. Bg3 Rac8 36. Be1 Bd6 37. Rac1 Rc6 38. Bd2 Bb8 39. g3 Ba7 40. Bf4 Re7 41. Kg2 Rd7 42. Qe2 Kf7 43. Rxc6 bxc6 44. Re1 Kg6 45. Qe8+ Qf7 46. Qe4+ f5 47. Qxc6+ Kh5 48. g4+ fxg4 49. Re5+ g5 50. Rxg5+ Kh4 51. Qh6+ 1-0